Buying and selling a residence in France. (Record no. 95438)

MARC details
000 -LEADER
fixed length control field 00873cam a2200265 4500
008 - FIXED-LENGTH DATA ELEMENTS--GENERAL INFORMATION
fixed length control field 090401t1993 xxu||||| |||| 00| 0 eng d
020 ## - INTERNATIONAL STANDARD BOOK NUMBER
International Standard Book Number 085459809X
035 ## - SYSTEM CONTROL NUMBER
System control number (Sirsi) u71786
041 ## - LANGUAGE CODE
Language code of text/sound track or separate title eng
050 ## - LIBRARY OF CONGRESS CALL NUMBER
Classification number 333.330944
100 ## - MAIN ENTRY--PERSONAL NAME
Personal name Baker, Keith F.C.
245 ## - TITLE STATEMENT
Title Buying and selling a residence in France.
260 ## - PUBLICATION, DISTRIBUTION, ETC.
Place of publication, distribution, etc. Croydon
Name of publisher, distributor, etc. Tolley Publishing Company
Date of publication, distribution, etc. 1993
300 ## - PHYSICAL DESCRIPTION
Extent xiv,134p. ; 23cm.
350 ## - PRICE (NR) (BK AM CF MU VM SE) [OBSOLETE]
Price 24.95
520 ## - SUMMARY, ETC.
Summary, etc. Aimed at professionals advising clients wishing to buy property in France, the book looks at the ways of acquiring property and their relative merits as well as the consumer protection aspects of the process.
650 ## - SUBJECT ADDED ENTRY--TOPICAL TERM
Topical term or geographic name entry element CONTRACT
650 ## - SUBJECT ADDED ENTRY--TOPICAL TERM
Topical term or geographic name entry element CONVEYANCING
650 ## - SUBJECT ADDED ENTRY--TOPICAL TERM
Topical term or geographic name entry element FRANCE
650 ## - SUBJECT ADDED ENTRY--TOPICAL TERM
Topical term or geographic name entry element RESIDENTIAL PROPERTY
9 (RLIN) 6266
690 ## - LOCAL SUBJECT ADDED ENTRY--TOPICAL TERM (OCLC, RLIN)
Topical term or geographic name as entry element OVERSEAS-EUROPE
700 ## - ADDED ENTRY--PERSONAL NAME
Personal name Daublon, Georges
942 ## - ADDED ENTRY ELEMENTS (KOHA)
Suppress in OPAC 0
948 ## - LOCAL PROCESSING INFORMATION (OCLC); SERIES PART DESIGNATOR (RLIN)
c (OCLC) 04/03/1997
Holdings
Withdrawn status Lost status Source of classification or shelving scheme Damaged status Not for loan Home library Current library Shelving location Date acquired Cost, normal purchase price Total Checkouts Full call number Barcode Date last seen Date last checked out Copy number Cost, replacement price Price effective from Koha item type
    Dewey Decimal Classification     London London Books 23/09/1993 24.95 5 333.330944 30039632 06/08/2019 04/03/2003 1 24.95 06/08/2019 Book